<?xml version="1.0" encoding="UTF-8"?>
<record
    xmlns:xsi="http://www.w3.org/2001/XMLSchema-instance"
    xsi:schemaLocation="http://www.loc.gov/MARC21/slim http://www.loc.gov/standards/marcxml/schema/MARC21slim.xsd"
    xmlns="http://www.loc.gov/MARC21/slim">

  <leader>02085nam a22003617a 4500</leader>
  <controlfield tag="005">20180724110305.0</controlfield>
  <controlfield tag="008">090608t        xxu||||| |||| 00| 0 hin d</controlfield>
  <datafield tag="010" ind1=" " ind2=" ">
    <subfield code="a">&#x930;&#x93E;&#x937;&#x94D;&#x91F;&#x94D;&#x930;&#x92A;&#x924;&#x93F;-2  B-691760  B-697  B-697674-689 MPLADS</subfield>
  </datafield>
  <datafield tag="020" ind1=" " ind2=" ">
    <subfield code="a">8170165954</subfield>
    <subfield code="c">400.00</subfield>
  </datafield>
  <datafield tag="035" ind1=" " ind2=" ">
    <subfield code="a">B-105476</subfield>
  </datafield>
  <datafield tag="035" ind1=" " ind2=" ">
    <subfield code="a">B-691760</subfield>
  </datafield>
  <datafield tag="035" ind1=" " ind2=" ">
    <subfield code="a">B-697674-689</subfield>
  </datafield>
  <datafield tag="037" ind1=" " ind2=" ">
    <subfield code="b">DBAD / PUB </subfield>
  </datafield>
  <datafield tag="037" ind1=" " ind2=" ">
    <subfield code="b"> &#x915;&#x93F;&#x924;&#x93E;&#x92C;&#x918;&#x930; &#x92A;&#x94D;&#x930;&#x915;&#x93E;&#x936;&#x928;</subfield>
  </datafield>
  <datafield tag="040" ind1=" " ind2=" ">
    <subfield code="a">dpl</subfield>
    <subfield code="b">hn </subfield>
  </datafield>
  <datafield tag="082" ind1=" " ind2=" ">
    <subfield code="a">509.2</subfield>
  </datafield>
  <datafield tag="100" ind1=" " ind2=" ">
    <subfield code="a">&#x932;&#x915;&#x94D;&#x937;&#x94D;&#x92E;&#x923; &#x92A;&#x94D;&#x930;&#x938;&#x93E;&#x926;</subfield>
    <subfield code="9">47149</subfield>
  </datafield>
  <datafield tag="245" ind1=" " ind2=" ">
    <subfield code="a">&#x935;&#x93F;&#x936;&#x94D;&#x935; &#x915;&#x947; &#x92E;&#x939;&#x93E;&#x928;&#x94D; &#x906;&#x935;&#x93F;&#x937;&#x94D;&#x915;&#x93E;&#x930;&#x915; &#x914;&#x930; &#x909;&#x928;&#x915;&#x947; &#x906;&#x935;&#x93F;&#x937;&#x94D;&#x915;&#x93E;&#x930;   /</subfield>
    <subfield code="c">&#x932;&#x915;&#x94D;&#x937;&#x94D;&#x92E;&#x923; &#x92A;&#x94D;&#x930;&#x938;&#x93E;&#x926; &#x90F;&#x935;&#x902; &#x935;&#x93F;&#x928;&#x94B;&#x926; &#x915;&#x941;&#x92E;&#x93E;&#x930; &#x92E;&#x93F;&#x936;&#x94D;&#x930; </subfield>
  </datafield>
  <datafield tag="246" ind1=" " ind2=" ">
    <subfield code="a">Vishva ke mahaana aavishkaaraka aura unke aavishkaara</subfield>
    <subfield code="b">by Lakshman Prasad </subfield>
  </datafield>
  <datafield tag="250" ind1=" " ind2=" ">
    <subfield code="a">3&#x930;&#x93E; &#x938;&#x902;&#x938;&#x94D;&#x915;. </subfield>
  </datafield>
  <datafield tag="260" ind1=" " ind2=" ">
    <subfield code="a">&#x928;&#x92F;&#x940; &#x926;&#x93F;&#x932;&#x94D;&#x932;&#x940;</subfield>
    <subfield code="b">&#x915;&#x93F;&#x924;&#x93E;&#x92C;&#x918;&#x930; &#x92A;&#x94D;&#x930;&#x915;&#x93E;&#x936;&#x928; </subfield>
    <subfield code="c">2004</subfield>
    <subfield code="c">2014 MPLADS</subfield>
  </datafield>
  <datafield tag="270" ind1=" " ind2=" ">
    <subfield code="a">4855-56/24, &#x905;&#x902;&#x938;&#x93E;&#x930;&#x940; &#x930;&#x94B;&#x921;&#x93C;, &#x926;&#x930;&#x93F;&#x92F;&#x93E;&#x917;&#x902;&#x91C;</subfield>
    <subfield code="b">&#x928;&#x92F;&#x940; &#x926;&#x93F;&#x932;&#x94D;&#x932;&#x940;</subfield>
    <subfield code="e">110002 </subfield>
  </datafield>
  <datafield tag="300" ind1=" " ind2=" ">
    <subfield code="a">367&#x92A;&#x943;.</subfield>
    <subfield code="c">22&#x938;&#x947;&#x92E;&#x940; (&#x938;&#x91C;&#x93F;&#x932;&#x94D;&#x926;) </subfield>
    <subfield code="b">&#x938;&#x91A;&#x93F;&#x924;&#x94D;&#x930; </subfield>
  </datafield>
  <datafield tag="500" ind1=" " ind2=" ">
    <subfield code="a">&#x930;&#x93E;&#x937;&#x94D;&#x91F;&#x94D;&#x930;&#x92A;&#x924;&#x93F;-2  &#x92A;&#x930;&#x93F;&#x936;&#x93F;&#x937;&#x94D;&#x91F;</subfield>
  </datafield>
  <datafield tag="650" ind1=" " ind2=" ">
    <subfield code="a">&#x935;&#x948;&#x91C;&#x94D;&#x91E;&#x93E;&#x928;&#x93F;&#x915;</subfield>
    <subfield code="9">47150</subfield>
  </datafield>
  <datafield tag="650" ind1=" " ind2=" ">
    <subfield code="a">Scientist</subfield>
    <subfield code="9">47151</subfield>
  </datafield>
  <datafield tag="650" ind1=" " ind2=" ">
    <subfield code="a">&#x906;&#x935;&#x93F;&#x937;&#x94D;&#x915;&#x93E;&#x930;</subfield>
    <subfield code="9">47152</subfield>
  </datafield>
  <datafield tag="650" ind1=" " ind2=" ">
    <subfield code="a">Invention</subfield>
    <subfield code="9">47153</subfield>
  </datafield>
  <datafield tag="700" ind1=" " ind2=" ">
    <subfield code="a">&#x92E;&#x93F;&#x936;&#x94D;&#x930;, &#x935;&#x93F;&#x928;&#x94B;&#x926; &#x915;&#x941;&#x92E;&#x93E;&#x930; </subfield>
    <subfield code="9">47154</subfield>
  </datafield>
  <datafield tag="942" ind1=" " ind2=" ">
    <subfield code="2">ddc</subfield>
    <subfield code="c">HN</subfield>
    <subfield code="m">&#x932;&#x915;&#x94D;&#x937;&#x94D;&#x92E;&#x923;</subfield>
    <subfield code="h">509.2</subfield>
  </datafield>
  <datafield tag="999" ind1=" " ind2=" ">
    <subfield code="c">66689</subfield>
    <subfield code="d">66689</subfield>
  </datafield>
  <datafield tag="952" ind1=" " ind2=" ">
    <subfield code="0">0</subfield>
    <subfield code="1">0</subfield>
    <subfield code="2">ddc</subfield>
    <subfield code="4">0</subfield>
    <subfield code="7">0</subfield>
    <subfield code="8">NFIC</subfield>
    <subfield code="a">ZLS</subfield>
    <subfield code="b">ZLS</subfield>
    <subfield code="d">2012-05-16</subfield>
    <subfield code="g">400.00</subfield>
    <subfield code="l">0</subfield>
    <subfield code="o">509.2 &#x932;&#x915;&#x94D;&#x937;&#x94D;&#x92E;&#x923;</subfield>
    <subfield code="p">B-105476</subfield>
    <subfield code="r">2012-05-16 00:00:00</subfield>
    <subfield code="v">400.00</subfield>
    <subfield code="w">2012-05-16</subfield>
    <subfield code="y">HN</subfield>
  </datafield>
  <datafield tag="952" ind1=" " ind2=" ">
    <subfield code="0">0</subfield>
    <subfield code="1">0</subfield>
    <subfield code="2">ddc</subfield>
    <subfield code="4">0</subfield>
    <subfield code="7">0</subfield>
    <subfield code="8">NFIC</subfield>
    <subfield code="a">M</subfield>
    <subfield code="b">M</subfield>
    <subfield code="d">2018-05-17</subfield>
    <subfield code="e">&#x915;&#x93F;&#x924;&#x93E;&#x92C;&#x918;&#x930;-BL1107/4.5.18/441/4.5.18/9.5.18</subfield>
    <subfield code="g">595.00</subfield>
    <subfield code="l">0</subfield>
    <subfield code="o">509.2 &#x932;&#x915;&#x94D;&#x937;&#x94D;&#x92E;&#x923;</subfield>
    <subfield code="p">B-691760</subfield>
    <subfield code="r">2018-05-17 00:00:00</subfield>
    <subfield code="t">1</subfield>
    <subfield code="v">509.20</subfield>
    <subfield code="w">2018-05-17</subfield>
    <subfield code="y">HN</subfield>
  </datafield>
  <datafield tag="952" ind1=" " ind2=" ">
    <subfield code="0">0</subfield>
    <subfield code="1">0</subfield>
    <subfield code="2">ddc</subfield>
    <subfield code="4">0</subfield>
    <subfield code="7">0</subfield>
    <subfield code="8">NFIC</subfield>
    <subfield code="a">L</subfield>
    <subfield code="b">L</subfield>
    <subfield code="d">2018-07-24</subfield>
    <subfield code="e">&#x915;&#x93F;&#x924;&#x93E;&#x92C;&#x918;&#x930;BL-IN-1315/2.7.18/469/13.6.18/11.7.18</subfield>
    <subfield code="g">595.00</subfield>
    <subfield code="l">6</subfield>
    <subfield code="m">1</subfield>
    <subfield code="o">509.2 &#x932;&#x915;&#x94D;&#x937;&#x94D;&#x92E;&#x923;</subfield>
    <subfield code="p">B-697674</subfield>
    <subfield code="r">2023-08-21 00:00:00</subfield>
    <subfield code="s">2023-08-07</subfield>
    <subfield code="t">1</subfield>
    <subfield code="v">595.00</subfield>
    <subfield code="y">HN</subfield>
    <subfield code="z">MPLADS</subfield>
  </datafield>
  <datafield tag="952" ind1=" " ind2=" ">
    <subfield code="0">0</subfield>
    <subfield code="1">0</subfield>
    <subfield code="2">ddc</subfield>
    <subfield code="4">0</subfield>
    <subfield code="7">0</subfield>
    <subfield code="8">NFIC</subfield>
    <subfield code="a">NPL</subfield>
    <subfield code="b">NPL</subfield>
    <subfield code="d">2018-07-24</subfield>
    <subfield code="e">&#x915;&#x93F;&#x924;&#x93E;&#x92C;&#x918;&#x930;BL-IN-1315/2.7.18/469/13.6.18/11.7.18</subfield>
    <subfield code="g">595.00</subfield>
    <subfield code="l">0</subfield>
    <subfield code="o">509.2 &#x932;&#x915;&#x94D;&#x937;&#x94D;&#x92E;&#x923;</subfield>
    <subfield code="p">B-697675</subfield>
    <subfield code="r">2018-07-24 00:00:00</subfield>
    <subfield code="t">1</subfield>
    <subfield code="v">595.00</subfield>
    <subfield code="y">HN</subfield>
    <subfield code="z">MPLADS</subfield>
  </datafield>
  <datafield tag="952" ind1=" " ind2=" ">
    <subfield code="0">0</subfield>
    <subfield code="1">0</subfield>
    <subfield code="2">ddc</subfield>
    <subfield code="4">0</subfield>
    <subfield code="7">0</subfield>
    <subfield code="8">NFIC</subfield>
    <subfield code="a">BL1</subfield>
    <subfield code="b">BL1</subfield>
    <subfield code="d">2018-07-24</subfield>
    <subfield code="e">&#x915;&#x93F;&#x924;&#x93E;&#x92C;&#x918;&#x930;BL-IN-1315/2.7.18/469/13.6.18/11.7.18</subfield>
    <subfield code="g">595.00</subfield>
    <subfield code="l">8</subfield>
    <subfield code="m">14</subfield>
    <subfield code="o">509.2 &#x932;&#x915;&#x94D;&#x937;&#x94D;&#x92E;&#x923;</subfield>
    <subfield code="p">B-697676</subfield>
    <subfield code="r">2022-12-09 00:00:00</subfield>
    <subfield code="s">2022-11-09</subfield>
    <subfield code="t">1</subfield>
    <subfield code="v">595.00</subfield>
    <subfield code="y">HN</subfield>
    <subfield code="z">MPLADS</subfield>
  </datafield>
  <datafield tag="952" ind1=" " ind2=" ">
    <subfield code="0">0</subfield>
    <subfield code="1">0</subfield>
    <subfield code="2">ddc</subfield>
    <subfield code="4">0</subfield>
    <subfield code="7">0</subfield>
    <subfield code="8">NFIC</subfield>
    <subfield code="a">KGM</subfield>
    <subfield code="b">KGM</subfield>
    <subfield code="d">2018-07-24</subfield>
    <subfield code="e">&#x915;&#x93F;&#x924;&#x93E;&#x92C;&#x918;&#x930;BL-IN-1315/2.7.18/469/13.6.18/11.7.18</subfield>
    <subfield code="g">595.00</subfield>
    <subfield code="l">1</subfield>
    <subfield code="m">2</subfield>
    <subfield code="o">509.2 &#x932;&#x915;&#x94D;&#x937;&#x94D;&#x92E;&#x923;</subfield>
    <subfield code="p">B-697677</subfield>
    <subfield code="r">2023-05-08 00:00:00</subfield>
    <subfield code="s">2023-03-29</subfield>
    <subfield code="t">1</subfield>
    <subfield code="v">595.00</subfield>
    <subfield code="y">HN</subfield>
    <subfield code="z">MPLADS</subfield>
  </datafield>
  <datafield tag="952" ind1=" " ind2=" ">
    <subfield code="0">0</subfield>
    <subfield code="1">0</subfield>
    <subfield code="2">ddc</subfield>
    <subfield code="4">0</subfield>
    <subfield code="7">0</subfield>
    <subfield code="8">NFIC</subfield>
    <subfield code="a">PR</subfield>
    <subfield code="b">PR</subfield>
    <subfield code="d">2018-07-24</subfield>
    <subfield code="e">&#x915;&#x93F;&#x924;&#x93E;&#x92C;&#x918;&#x930;BL-IN-1315/2.7.18/469/13.6.18/11.7.18</subfield>
    <subfield code="g">595.00</subfield>
    <subfield code="l">0</subfield>
    <subfield code="o">509.2 &#x932;&#x915;&#x94D;&#x937;&#x94D;&#x92E;&#x923;</subfield>
    <subfield code="p">B-697678</subfield>
    <subfield code="r">2018-07-24 00:00:00</subfield>
    <subfield code="t">1</subfield>
    <subfield code="v">595.00</subfield>
    <subfield code="y">HN</subfield>
    <subfield code="z">MPLADS</subfield>
  </datafield>
  <datafield tag="952" ind1=" " ind2=" ">
    <subfield code="0">0</subfield>
    <subfield code="1">0</subfield>
    <subfield code="2">ddc</subfield>
    <subfield code="4">0</subfield>
    <subfield code="7">0</subfield>
    <subfield code="8">NFIC</subfield>
    <subfield code="a">TN</subfield>
    <subfield code="b">TN</subfield>
    <subfield code="d">2018-07-24</subfield>
    <subfield code="e">&#x915;&#x93F;&#x924;&#x93E;&#x92C;&#x918;&#x930;BL-IN-1315/2.7.18/469/13.6.18/11.7.18</subfield>
    <subfield code="g">595.00</subfield>
    <subfield code="l">4</subfield>
    <subfield code="m">3</subfield>
    <subfield code="o">509.2 &#x932;&#x915;&#x94D;&#x937;&#x94D;&#x92E;&#x923;</subfield>
    <subfield code="p">B-697679</subfield>
    <subfield code="r">2020-11-23 00:00:00</subfield>
    <subfield code="s">2020-10-28</subfield>
    <subfield code="t">1</subfield>
    <subfield code="v">595.00</subfield>
    <subfield code="y">HN</subfield>
    <subfield code="z">MPLADS</subfield>
  </datafield>
  <datafield tag="952" ind1=" " ind2=" ">
    <subfield code="0">0</subfield>
    <subfield code="1">0</subfield>
    <subfield code="2">ddc</subfield>
    <subfield code="4">0</subfield>
    <subfield code="7">0</subfield>
    <subfield code="8">NFIC</subfield>
    <subfield code="a">CJ</subfield>
    <subfield code="b">CJ</subfield>
    <subfield code="d">2018-07-24</subfield>
    <subfield code="e">&#x915;&#x93F;&#x924;&#x93E;&#x92C;&#x918;&#x930;BL-IN-1315/2.7.18/469/13.6.18/11.7.18</subfield>
    <subfield code="g">595.00</subfield>
    <subfield code="l">2</subfield>
    <subfield code="m">1</subfield>
    <subfield code="o">509.2 &#x932;&#x915;&#x94D;&#x937;&#x94D;&#x92E;&#x923;</subfield>
    <subfield code="p">B-697680</subfield>
    <subfield code="r">2025-02-19 00:00:00</subfield>
    <subfield code="s">2025-02-12</subfield>
    <subfield code="t">1</subfield>
    <subfield code="v">595.00</subfield>
    <subfield code="y">HN</subfield>
    <subfield code="z">MPLADS</subfield>
  </datafield>
  <datafield tag="952" ind1=" " ind2=" ">
    <subfield code="0">0</subfield>
    <subfield code="1">0</subfield>
    <subfield code="2">ddc</subfield>
    <subfield code="4">0</subfield>
    <subfield code="7">0</subfield>
    <subfield code="8">NFIC</subfield>
    <subfield code="a">DIZ</subfield>
    <subfield code="b">DIZ</subfield>
    <subfield code="d">2018-07-24</subfield>
    <subfield code="e">&#x915;&#x93F;&#x924;&#x93E;&#x92C;&#x918;&#x930;BL-IN-1315/2.7.18/469/13.6.18/11.7.18</subfield>
    <subfield code="g">595.00</subfield>
    <subfield code="l">1</subfield>
    <subfield code="o">509.2 &#x932;&#x915;&#x94D;&#x937;&#x94D;&#x92E;&#x923;</subfield>
    <subfield code="p">B-697681</subfield>
    <subfield code="r">2023-07-03 00:00:00</subfield>
    <subfield code="s">2023-06-17</subfield>
    <subfield code="t">1</subfield>
    <subfield code="v">595.00</subfield>
    <subfield code="y">HN</subfield>
    <subfield code="z">MPLADS</subfield>
  </datafield>
  <datafield tag="952" ind1=" " ind2=" ">
    <subfield code="0">0</subfield>
    <subfield code="1">0</subfield>
    <subfield code="2">ddc</subfield>
    <subfield code="4">0</subfield>
    <subfield code="7">0</subfield>
    <subfield code="8">NFIC</subfield>
    <subfield code="a">JP</subfield>
    <subfield code="b">JP</subfield>
    <subfield code="d">2018-07-24</subfield>
    <subfield code="e">&#x915;&#x93F;&#x924;&#x93E;&#x92C;&#x918;&#x930;BL-IN-1315/2.7.18/469/13.6.18/11.7.18</subfield>
    <subfield code="g">595.00</subfield>
    <subfield code="l">2</subfield>
    <subfield code="m">3</subfield>
    <subfield code="o">509.2 &#x932;&#x915;&#x94D;&#x937;&#x94D;&#x92E;&#x923;</subfield>
    <subfield code="p">B-697682</subfield>
    <subfield code="r">2023-03-17 00:00:00</subfield>
    <subfield code="s">2023-02-13</subfield>
    <subfield code="t">1</subfield>
    <subfield code="v">595.00</subfield>
    <subfield code="y">HN</subfield>
    <subfield code="z">MPLADS</subfield>
  </datafield>
  <datafield tag="952" ind1=" " ind2=" ">
    <subfield code="0">0</subfield>
    <subfield code="1">0</subfield>
    <subfield code="2">ddc</subfield>
    <subfield code="4">0</subfield>
    <subfield code="7">0</subfield>
    <subfield code="8">NFIC</subfield>
    <subfield code="a">ZLS</subfield>
    <subfield code="b">ZLS</subfield>
    <subfield code="d">2018-07-24</subfield>
    <subfield code="e">&#x915;&#x93F;&#x924;&#x93E;&#x92C;&#x918;&#x930;BL-IN-1315/2.7.18/469/13.6.18/11.7.18</subfield>
    <subfield code="g">595.00</subfield>
    <subfield code="l">2</subfield>
    <subfield code="o">509.2 &#x932;&#x915;&#x94D;&#x937;&#x94D;&#x92E;&#x923;</subfield>
    <subfield code="p">B-697683</subfield>
    <subfield code="r">2019-11-11 00:00:00</subfield>
    <subfield code="s">2019-10-22</subfield>
    <subfield code="t">1</subfield>
    <subfield code="v">595.00</subfield>
    <subfield code="y">HN</subfield>
    <subfield code="z">MPLADS</subfield>
  </datafield>
  <datafield tag="952" ind1=" " ind2=" ">
    <subfield code="0">0</subfield>
    <subfield code="1">0</subfield>
    <subfield code="2">ddc</subfield>
    <subfield code="4">0</subfield>
    <subfield code="7">0</subfield>
    <subfield code="8">NFIC</subfield>
    <subfield code="a">RKP</subfield>
    <subfield code="b">RKP</subfield>
    <subfield code="d">2018-07-24</subfield>
    <subfield code="e">&#x915;&#x93F;&#x924;&#x93E;&#x92C;&#x918;&#x930;BL-IN-1315/2.7.18/469/13.6.18/11.7.18</subfield>
    <subfield code="g">595.00</subfield>
    <subfield code="l">2</subfield>
    <subfield code="o">509.2 &#x932;&#x915;&#x94D;&#x937;&#x94D;&#x92E;&#x923;</subfield>
    <subfield code="p">B-697684</subfield>
    <subfield code="r">2021-04-12 00:00:00</subfield>
    <subfield code="s">2021-04-01</subfield>
    <subfield code="t">1</subfield>
    <subfield code="v">595.00</subfield>
    <subfield code="y">HN</subfield>
    <subfield code="z">MPLADS</subfield>
  </datafield>
  <datafield tag="952" ind1=" " ind2=" ">
    <subfield code="0">0</subfield>
    <subfield code="1">0</subfield>
    <subfield code="2">ddc</subfield>
    <subfield code="4">0</subfield>
    <subfield code="7">0</subfield>
    <subfield code="8">NFIC</subfield>
    <subfield code="a">VP</subfield>
    <subfield code="b">VP</subfield>
    <subfield code="d">2018-07-24</subfield>
    <subfield code="e">&#x915;&#x93F;&#x924;&#x93E;&#x92C;&#x918;&#x930;BL-IN-1315/2.7.18/469/13.6.18/11.7.18</subfield>
    <subfield code="g">595.00</subfield>
    <subfield code="l">0</subfield>
    <subfield code="o">509.2 &#x932;&#x915;&#x94D;&#x937;&#x94D;&#x92E;&#x923;</subfield>
    <subfield code="p">B-697685</subfield>
    <subfield code="r">2018-07-24 00:00:00</subfield>
    <subfield code="t">1</subfield>
    <subfield code="v">595.00</subfield>
    <subfield code="y">HN</subfield>
    <subfield code="z">MPLADS</subfield>
  </datafield>
  <datafield tag="952" ind1=" " ind2=" ">
    <subfield code="0">0</subfield>
    <subfield code="1">0</subfield>
    <subfield code="2">ddc</subfield>
    <subfield code="4">0</subfield>
    <subfield code="7">0</subfield>
    <subfield code="8">NFIC</subfield>
    <subfield code="a">NR</subfield>
    <subfield code="b">NR</subfield>
    <subfield code="d">2018-07-24</subfield>
    <subfield code="e">&#x915;&#x93F;&#x924;&#x93E;&#x92C;&#x918;&#x930;BL-IN-1315/2.7.18/469/13.6.18/11.7.18</subfield>
    <subfield code="g">595.00</subfield>
    <subfield code="l">0</subfield>
    <subfield code="o">509.2 &#x932;&#x915;&#x94D;&#x937;&#x94D;&#x92E;&#x923;</subfield>
    <subfield code="p">B-697686</subfield>
    <subfield code="r">2018-07-24 00:00:00</subfield>
    <subfield code="t">1</subfield>
    <subfield code="v">595.00</subfield>
    <subfield code="y">HN</subfield>
    <subfield code="z">MPLADS</subfield>
  </datafield>
  <datafield tag="952" ind1=" " ind2=" ">
    <subfield code="0">0</subfield>
    <subfield code="1">0</subfield>
    <subfield code="2">ddc</subfield>
    <subfield code="4">0</subfield>
    <subfield code="7">0</subfield>
    <subfield code="8">NFIC</subfield>
    <subfield code="a">BN</subfield>
    <subfield code="b">BN</subfield>
    <subfield code="d">2018-07-24</subfield>
    <subfield code="e">&#x915;&#x93F;&#x924;&#x93E;&#x92C;&#x918;&#x930;BL-IN-1315/2.7.18/469/13.6.18/11.7.18</subfield>
    <subfield code="g">595.00</subfield>
    <subfield code="l">1</subfield>
    <subfield code="o">509.2 &#x932;&#x915;&#x94D;&#x937;&#x94D;&#x92E;&#x923;</subfield>
    <subfield code="p">B-697687</subfield>
    <subfield code="r">2019-03-13 00:00:00</subfield>
    <subfield code="s">2019-02-28</subfield>
    <subfield code="t">1</subfield>
    <subfield code="v">595.00</subfield>
    <subfield code="y">HN</subfield>
    <subfield code="z">MPLADS</subfield>
  </datafield>
  <datafield tag="952" ind1=" " ind2=" ">
    <subfield code="0">0</subfield>
    <subfield code="1">0</subfield>
    <subfield code="2">ddc</subfield>
    <subfield code="4">0</subfield>
    <subfield code="7">0</subfield>
    <subfield code="8">NFIC</subfield>
    <subfield code="a">BL4</subfield>
    <subfield code="b">BL4</subfield>
    <subfield code="d">2018-07-24</subfield>
    <subfield code="e">&#x915;&#x93F;&#x924;&#x93E;&#x92C;&#x918;&#x930;BL-IN-1315/2.7.18/469/13.6.18/11.7.18</subfield>
    <subfield code="g">595.00</subfield>
    <subfield code="l">6</subfield>
    <subfield code="m">2</subfield>
    <subfield code="o">509.2 &#x932;&#x915;&#x94D;&#x937;&#x94D;&#x92E;&#x923;</subfield>
    <subfield code="p">B-697688</subfield>
    <subfield code="r">2019-04-08 00:00:00</subfield>
    <subfield code="s">2019-03-26</subfield>
    <subfield code="t">1</subfield>
    <subfield code="v">595.00</subfield>
    <subfield code="y">HN</subfield>
    <subfield code="z">MPLADS</subfield>
  </datafield>
  <datafield tag="952" ind1=" " ind2=" ">
    <subfield code="0">0</subfield>
    <subfield code="1">0</subfield>
    <subfield code="2">ddc</subfield>
    <subfield code="4">0</subfield>
    <subfield code="7">0</subfield>
    <subfield code="8">NFIC</subfield>
    <subfield code="a">YV</subfield>
    <subfield code="b">YV</subfield>
    <subfield code="d">2018-07-24</subfield>
    <subfield code="e">&#x915;&#x93F;&#x924;&#x93E;&#x92C;&#x918;&#x930;BL-IN-1315/2.7.18/469/13.6.18/11.7.18</subfield>
    <subfield code="g">595.00</subfield>
    <subfield code="l">0</subfield>
    <subfield code="o">509.2 &#x932;&#x915;&#x94D;&#x937;&#x94D;&#x92E;&#x923;</subfield>
    <subfield code="p">B-697689</subfield>
    <subfield code="r">2018-07-24 00:00:00</subfield>
    <subfield code="t">1</subfield>
    <subfield code="v">595.00</subfield>
    <subfield code="y">HN</subfield>
    <subfield code="z">MPLADS</subfield>
  </datafield>
</record>
